000 00736cab a2200253 4500
001 ABS54180
008 090401t1995 xxu||||| |||| 00| 0 eng d
035 _a(Sirsi) u8917
041 _aeng
100 _aKirkwood, J.
245 _aLotus Organizer 2.1
260 _c1995
350 _a0
490 _aEstates Gazette
_v(9549) 9 December 1995, 64-66(3)
520 _aReviews Lotus Organizer 2.1, a personal organiser software package, and how it can be used by surveyors.
650 _aCOMPUTERS
650 _aDIARY
650 _aLOTUS ORGANISER 2.1
650 _aPERSONAL ORGANISER
650 _aSOFTWARE PACKAGES
690 _aMANAGEMENT-BUSINESS MANAGEMENT-INFORMATION MANAGEMENT
942 _n0
948 _c04/03/1997
999 _c5523
_d5523